| 000 | 01420nam0a2200325 i 4500 | ||
|---|---|---|---|
| 001 | RU\NLR\BIBL_A\010712857 | ||
| 005 | 20240921195951.0 | ||
| 010 |
_a9785895467671 _9100 |
||
| 021 |
_aRU _b2015-10524 _91515 |
||
| 021 |
_aRU _b2015-10524 _9642 |
||
| 035 | _a(NILC)RuMoRGB-007874482 | ||
| 035 | _a(NLR Aleph) 010712857 | ||
| 090 |
_a9781326 _c9781326 |
||
| 100 | _a20150401d2014 k y0rusy50 ca | ||
| 101 | 0 | _arus | |
| 102 | _aRU | ||
| 105 | _ay|||z||||00yy | ||
| 200 | 1 |
_aОчерки западной политико-правовой мысли XX века _eмонография _fЛ. М. Павкин _gРоссийская акад. нар. хоз-ва и гос. службы при Президенте Российской Федерации, Южно-Российский ин-т упр. |
|
| 210 |
_aРостов-на-Дону _cИзд-во Южно-Российского института управления - филиала РАНХ и ГС _d2014 |
||
| 215 |
_a124 с. _d20 |
||
| 320 | _aБиблиогр.: с. 119-122 (93 назв.) | ||
| 606 | 1 |
_aПолитические учения _z20 в. _91418341 _3RU\NLR\AUTH\66598277 |
|
| 686 | 1 | _aХ1(0)7 | |
| 700 | 1 |
_aПавкин _bЛ. М. _gЛеонид Матвеевич |
|
| 801 | 0 |
_aRU _bРГБ _c20150224 _gRCR |
|
| 801 | 1 |
_aRU _bРГБ _c20150224 _2rusmarc |
|
| 942 | _cBOOK | ||
| 980 | _aNBR | ||